| 000 | 00434ntaaa2200169 4500 | ||
|---|---|---|---|
| 003 | 01 | ||
| 005 | 20251027201248.0 | ||
| 008 | 0714s1973 ag 01 | ||
| 040 |
_aAR-BaBN _bspa _cAR-BaBN _eaacr _dRIC |
||
| 082 | _a220.93 K42 | ||
| 100 |
_aKenyon, Kathleen M. _91444 |
||
| 245 |
_aBible and Archaeology / _cKathleen M. Kenyon |
||
| 250 |
_a1 ed. : _bHarper , _cc/940 |
||
| 300 | _a310 p. | ||
| 650 | _aArqueología Bíblica | ||
| 942 | _cBK | ||
| 999 |
_c6989 _d6989 |
||